[Event "Madeira AEJ op 11th"]
[Site "Sao Joao da Madeira"]
[Date "2014.10.06"]
[Round "4"]
[White "Nogueira, Anibal"]
[Black "Romano, Joao Manuel Pereira"]
[Result "0-1"]
[WhiteElo "1389"]
[BlackElo "1732"]
[PlyCount "62"]
[EventDate "2014.10.04"]
[EventType "swiss"]
[EventRounds "7"]
[EventCountry "POR"]
[SourceTitle "EXT 2018"]
[Source "ChessBase"]
[SourceDate "2017.10.13"]
[SourceVersion "1"]
[SourceVersionDate "2017.10.13"]
[SourceQuality "1"]

1. e4 g6 2. Nf3 Bg7 3. Nc3 c5 4. Bc4 e6 5. 0-0 Nc6 6. d3 Nge7 7. a3 0-0 8. Be3 d5 9. exd5 exd5 10. Nxd5 Nxd5 11. Bxc5 Re8 12. Re1 Rxe1+ 13. Qxe1 b6 14. Bxd5 bxc5 15. Bxc6 Rb8 16. Rb1 Rxb2 17. Rxb2 Bxb2 18. a4 Be6 19. Qb1 Qf6 20. Nd2 Bd4 21. Nf3 Bb2 22. Nd2 Bd4 23. Ne4 Qe5 24. Qc1 Qc7 25. Bb5 Qa5 26. c3 Bg7 27. Nxc5 Bxc3 28. Nxe6 fxe6 29. g3 Kg7 30. Qg5 Qc7 31. Qc5 Qxc5 0-1

[Event "Madeira AEJ op 11th"]
[Site "Sao Joao da Madeira"]
[Date "2014.10.04"]
[Round "1"]
[White "Nogueira, Anibal"]
[Black "Romano, Luis Miguel Pereira"]
[Result "0-1"]
[WhiteElo "1389"]
[BlackElo "1883"]
[PlyCount "68"]
[EventDate "2014.10.04"]
[EventType "swiss"]
[EventRounds "7"]
[EventCountry "POR"]
[SourceTitle "EXT 2018"]
[Source "ChessBase"]
[SourceDate "2017.10.13"]
[SourceVersion "1"]
[SourceVersionDate "2017.10.13"]
[SourceQuality "1"]

1. e4 c5 2. Nc3 a6 3. Nf3 e6 4. d3 Nc6 5. g3 g6 6. Bg2 Bg7 7. 0-0 Nge7 8. Re1 d6 9. Bg5 0-0 10. Qd2 Nd4 11. Rac1 e5 12. h3 f6 13. Bh6 Bxh3 14. Nxd4 cxd4 15. Bxh3 dxc3 16. Be6+ Kh8 17. Bxg7+ Kxg7 18. Qxc3 f5 19. d4 fxe4 20. Rxe4 Qb6 21. Rf1 Rad8 22. Rh4 d5 23. Qe3 Qxe6 24. Qh6+ Kf7 25. Qd2 e4 26. Re1 Kg8 27. g4 Qf6 28. Rh2 Qf4 29. Re3 g5 30. Qb4 Qc7 31. Reh3 Rf7 32. Rh5 Qxc2 33. Rxh7 Qd1+ 34. Kg2 Rxf2+ 0-1

[Event "Famalicao op 2nd"]
[Site "Famalicao"]
[Date "2014.09.01"]
[Round "1"]
[White "Pintor, Simao Maciel Abranc"]
[Black "Nogueira, Anibal"]
[Result "1-0"]
[WhiteElo "2040"]
[BlackElo "1399"]
[PlyCount "53"]
[EventDate "2014.09.01"]
[EventType "swiss"]
[EventRounds "7"]
[EventCountry "POR"]
[SourceTitle "EXT 2018"]
[Source "ChessBase"]
[SourceDate "2017.10.13"]
[SourceVersion "1"]
[SourceVersionDate "2017.10.13"]
[SourceQuality "1"]

1. e4 e5 2. Nf3 Nc6 3. Bc4 Be7 4. d4 Nf6 5. Nxe5 d5 6. exd5 Nxd5 7. Nxf7 Bb4+ 8. c3 Qe7+ 9. Qe2 Qxe2+ 10. Kxe2 Kxf7 11. Bxd5+ Kf6 12. Bxc6 Bd6 13. Bf3 Re8+ 14. Be3 g5 15. h3 Bd7 16. Nd2 Bf5 17. Nc4 Bf4 18. g3 Be6 19. d5 Bd7 20. gxf4 gxf4 21. Kd2 fxe3+ 22. fxe3 Rad8 23. Bg4 Bxg4 24. hxg4 Rxd5+ 25. Kc2 Kg7 26. Rh5 Red8 27. Rah1 1-0

[Event "Gaia Profigaia op 7th"]
[Site "Vila Nova de Gaia"]
[Date "2014.07.03"]
[Round "8"]
[White "Nogueira, Anibal"]
[Black "Andrade, Ricardo Sarmento"]
[Result "1-0"]
[WhiteElo "1386"]
[BlackElo "1641"]
[PlyCount "73"]
[EventDate "2014.06.28"]
[EventType "swiss"]
[EventRounds "9"]
[EventCountry "POR"]
[SourceTitle "CBM 161 Extra"]
[Source "ChessBase"]
[SourceDate "2014.08.29"]
[SourceVersion "1"]
[SourceVersionDate "2014.08.29"]
[SourceQuality "1"]

1. d4 d5 2. c4 c6 3. Nc3 Nf6 4. Bg5 h6 5. Bd2 Bf5 6. Nf3 e6 7. e3 Nbd7 8. c5 Qc7 9. h3 Be7 10. Be2 0-0 11. g4 Bh7 12. g5 hxg5 13. Nxg5 Bg6 14. h4 Ne4 15. Ncxe4 dxe4 16. Qc2 Bxg5 17. hxg5 e5 18. dxe5 Qxe5 19. Bc3 Qxg5 20. 0-0-0 Ne5 21. Rdg1 Qf5 22. Rg2 Rfe8 23. Rgh2 Kf8 24. Bh5 Bxh5 25. Rxh5 Nd3+ 26. Kb1 Qd7 27. Rh7 Ke7 28. Rxg7 Rh8 29. Rxf7+ Kxf7 30. Bxh8 Kg6 31. Qd1 Qf5 32. Rg1+ Kf7 33. Qb3+ Qd5 34. Qxb7+ Ke6 35. Rg6+ Kf5 36. Rf6+ Kg5 37. Qg7+ 1-0

[Event "St Joao da Madeira op 10th"]
[Site "Sao Joao da Madeira"]
[Date "2013.10.05"]
[Round "1.25"]
[White "Fernandes, Afonso Sampaio SP"]
[Black "Nogueira, Anibal"]
[Result "1-0"]
[WhiteElo "1776"]
[BlackElo "1382"]
[PlyCount "69"]
[EventDate "2013.10.05"]
[EventType "swiss"]
[EventRounds "7"]
[EventCountry "POR"]
[SourceTitle "EXT 2015"]
[Source "ChessBase"]
[SourceDate "2014.11.20"]
[SourceVersion "1"]
[SourceVersionDate "2014.11.20"]
[SourceQuality "1"]

1. e4 e5 2. Nf3 Nc6 3. Bc4 Nf6 4. d3 Be7 5. 0-0 h6 6. Re1 d6 7. a4 Bg4 8. Nbd2 0-0 9. c3 Nh7 10. Nf1 Ng5 11. Bxg5 Bxg5 12. h3 Bh5 13. Ng3 Bxf3 14. Qxf3 Qf6 15. Nf5 Ne7 16. Nxe7+ Qxe7 17. g3 c6 18. h4 Bf6 19. Kg2 Rab8 20. Rh1 b5 21. axb5 cxb5 22. Bd5 Kh7 23. Ra5 Rfc8 24. Rha1 Rc7 25. Qe3 g5 26. Rxa7 gxh4 27. Rxc7 Qxc7 28. Ra7 Qd8 29. Rxf7+ Bg7 30. Qa7 Qg5 31. Qxb8 hxg3 32. Rxg7+ Qxg7 33. Qb7 gxf2+ 34. Kxf2 Kg6 35. Qxg7+ 1-0